000 00548nam a2200181Ia 4500
003 GCL
008 140319s9999 xx 000 0 ara d
040 _aGCL /
_cGCL
082 0 4 _a631.82
_bا هـ
100 1 _aالشحات نصر ابوزيد
245 1 0 _aالهرمونات النباتية والتطبيقات الزراعية /
_cالشحات نصر ابوزيد
260 _a[S.N] :
_bمكتبة مدبولى ،
_c1990
300 _a607 ص
490 _a
650 0 4 _aالنبات
650 0 4 _aالهرمونات
942 _2ddc
_cBK
999 _c54195
_d54195